000 00595nam a22001697a 4500
003 MACL
005 20160722121149.0
008 160722b xxu||||| |||| 00| 0 eng d
040 _cMACL
041 _aHindi
082 _a080 SHA
100 _aशर्मा, पवित्र कुमार
_964933
245 _aसमग्र विकास कैसे हौ
_cपवित्र कुमार शर्मा
260 _aनई दिल्‍ली
_bसाहित्‍य सागर
_c2010
650 _aसामान्‍य वर्ग
_936
942 _2ddc
_cHIN
999 _c54636
_d54636